000 00530nam a2200205Ia 4500
005 20250508165635.0
008 008 250505s9999 xx 000 0 eng d
037 _aTextual
040 _aFEDL
_beng
_cFEDL
041 _aeng
_2eng
084 _a500, KHU
_qFEDL
100 _aKhurgin Ya. I
_9781464
245 0 _aYes no or may be
260 _aMoscow
_bMir Prakashan
_c1985
300 _a219p.
365 _aINR
_b6.8
546 _aScience for everyone
942 _cTEXL
_h500, KHU
999 _c1396416
_d1396416